000 00635nam a22002057a 4500
999 _c18158
_d18158
003 AR-CdUCM
008 190222b ||||| |||| 00| 0 spa d
040 _aMUNICIPALIDAD PROVINCIAL DEL CUSCO
_cBIBLIOTECA MUNICIPAL DEL CUSCO
082 _a985.01 /
_bV141
100 _aValcarcel, Gustavo
_9737
245 _aPeru : Mural de un Pueblo :
_bApuntes Marxistas Sobre el Perú Prehispánico /
260 _aLima :
_bPerú nuevo,
_c1965.
300 _a416 paginas ;
_c20 cm.
650 _aEstado
_9738
650 _aDerecho
_9739
650 _aIncas
_9303
650 _aPropiedad
_9740
942 _2ddc
_cLIBROS
945 _arum
_d2019-05-13